000 00514nam a2200181Ia 4500
005 20250326130021.0
008 250326s9999 xx 000 0 und d
037 _aTextbook
040 _aFMSL
_beng
_cFMSL
041 _aeng
_2eng
084 _aX:8 N4
_qFMSL
100 _aIreson W G
_9630504
245 0 _aHandbook of industrial engineering & management
_cIreson W G
260 _aNew Jersey
_bNew Jersey, Prentice-Hall
_c1974
300 _a907p
942 _cTB
_hX:8 N4
999 _c1280578
_d1280578